Online Catalogue and eLibrary

Feminist theory today : (Record no. 14)

MARC details
000 -LEADER
fixed length control field 00780cam a2200241 a 4500
001 - CONTROL NUMBER
control field 4454761
005 - DATE AND TIME OF LATEST TRANSACTION
control field 20231115014641.0
008 - FIXED-LENGTH DATA ELEMENTS--GENERAL INFORMATION
fixed length control field 950802s1995 enk b 001 0 eng d
020 ## - INTERNATIONAL STANDARD BOOK NUMBER
ISBN 0803984782
020 ## - INTERNATIONAL STANDARD BOOK NUMBER
ISBN 0803984790 (pbk.)
040 ## - CATALOGING SOURCE (பட்டியலாக்க மூலம்)
Original cataloging agency UkNcU
Transcribing agency UkNcU
Modifying agency DLC
082 00 - DDC Classification
Class No. 305.42/01
DDC Edition Number 20
100 1# - MAIN ENTRY--PERSONAL NAME
Personal name Evans, Judith
245 10 - TITLE STATEMENT
Title Feminist theory today :
Remainder of title an introduction to second-wave feminism /
Statement of responsibility, etc. Judith Evans.
260 ## - PUBLICATION, DISTRIBUTION, ETC.
Place of publication, distribution, etc. London ;
-- Thousand Oaks, Calif. :
Name of publisher, distributor, etc. Sage Publications,
Date of publication, distribution, etc. 1995.
300 ## - PHYSICAL DESCRIPTION
Extent (e.g. Volumes, Pages etc.) 183 p. ;
650 #0 - SUBJECT ADDED ENTRY--TOPICAL TERM
Topical term or geographic name entry element Feminist theory.
650 #0 - SUBJECT ADDED ENTRY--TOPICAL TERM
Topical term or geographic name entry element Second-wave feminism.
700 ## - ADDED ENTRY--PERSONAL NAME
Personal name Evans Judith
856 42 - ELECTRONIC LOCATION AND ACCESS
Uniform Resource Identifier <a href="http://www.loc.gov/catdir/enhancements/fy0656/95068523-d.html">http://www.loc.gov/catdir/enhancements/fy0656/95068523-d.html</a>
856 41 - ELECTRONIC LOCATION AND ACCESS
Uniform Resource Identifier <a href="http://www.loc.gov/catdir/enhancements/fy0656/95068523-t.html">http://www.loc.gov/catdir/enhancements/fy0656/95068523-t.html</a>
942 ## - Koha item type (Biblio)
Koha item type Books in Stacks (Lending)
Holdings
Lost status Damaged status Collection code Home library Current library Shelving location Date acquired Full call number Accession Number Item type
    Lending WERC Library WERC Library Religion Cupboard 11/15/2023 305.420 5436 Books in Stacks (Lending)

© WERC Library